000 00851nam a2200253Ia 4500
003 OSt
005 20220930063641.0
006 a|||||r|||| 00| 0
007 ta
008 220926b |||||||| |||| 00| 0 eng d
024 _a3144
037 _cTheses
040 _aCRL
_cCRL
_beng
041 _2eng
_aeng
100 _aChhabra Vishal
_9523312
110 _aUniversity of Delhi. Faculty of Science. Department of Chemistry
_9519399
245 0 _aPreparation and characterization of ultrafine magnetic oxide particle using microemulsion mediated systems.
260 _c1994
650 _aCHEMISTRY
700 _a Prof Amarnath Maitra Supervisor
_9523313
700 _aUniversity of Delhi. Faculty of Science. Department of Chemistry
_9519402
942 _cDIS
_2CC
999 _c857147
_d857147